Normal view
MARC view
Entry Personal Name
001 - CONTROL NUMBER
- control field: 18441
003 - CONTROL NUMBER IDENTIFIER
- control field: ARRUPE
005 - DATE AND TIME OF LATEST TRANSACTION
- control field: 20150717152117.0
008 - FIXED-LENGTH DATA ELEMENTS
- fixed length control field: 150717|| aca||aabn | a|a d
040 ## - CATALOGING SOURCE
- Original cataloging agency: ARRUPE
- Transcribing agency: ARRUPE
100 ## - HEADING--PERSONAL NAME
- Personal name: Hall, A. Rupert
- Fuller form of name: (Alfred Rupert),
- Dates associated with a name: 1920-2009,
- Relator term: ed.
670 ## - SOURCE DATA FOUND
- Source citation: Work cat.: (ARRUPE)0: Hall, A. Rupert 18439, The Rise of modern science., 1962-